Catálogo
 En Linea

Fastos de maratón : (Registro nro. 39983)

Detalles MARC
000 -CABECERA
campo de control de longitud fija 00715nam a2200169 a 4500
001 - NÚMERO DE CONTROL
campo de control 000040493
005 - FECHA Y HORA DE LA ÚLTIMA TRANSACCIÓN
campo de control 20201002034152.0
008 - DATOS DE LONGITUD FIJA--INFORMACIÓN GENERAL
campo de control de longitud fija 130821s2010 mx 000 0 spa d
020 ## - NÚMERO INTERNACIONAL ESTÁNDAR DEL LIBRO
Número Internacional Estándar del Libro 9786070220241
040 ## - FUENTE DE LA CATALOGACIÓN
Centro catalogador/agencia de origen DO-SdBNP
Lengua de catalogación spa
Centro/agencia transcriptor BNPHU
100 1# - ENTRADA PRINCIPAL--NOMBRE DE PERSONA
Nombre de persona Reyes, Alfonso,
Fechas asociadas al nombre 1890-1959
9 (RLIN) 66634
245 13 - MENCIÓN DE TÍTULO
Título Fastos de maratón :
Resto del título discurso de ingreso a la Academia Mexicana de la Lengua, 23 de octubre de 1918 /
Mención de responsabilidad, etc. Alfonso Reyes.
260 ## - PUBLICACIÓN, DISTRIBUCIÓN, ETC.
Lugar de publicación, distribución, etc. México :
Nombre del editor, distribuidor, etc. Universiad Nacional Autónoma de México. Dirección General de Publicaciones y Fomento Editorial
-- Academia Mexicana de la Lengua,
Fecha de publicación, distribución, etc. 2010.
300 ## - DESCRIPCIÓN FÍSICA
Extensión 56 p. ;
Dimensiones 18 cm.
700 1# - PUNTO DE ACCESO ADICIONAL--NOMBRE DE PERSONA
Nombre de persona Torres Bodet, Jaime
9 (RLIN) 61675
710 2# - PUNTO DE ACCESO ADICIONAL--NOMBRE DE ENTIDAD CORPORATIVA
Nombre de entidad corporativa o nombre de jurisdicción como elemento de entrada Universiad Nacional Autónoma de México
9 (RLIN) 66211
Existencias
Estado de retiro Estado de pérdida Restricciones de uso No para préstamo Código de colección Localización permanente Ubicación/localización actual Ubicación en estantería Fecha de adquisición Número de inventario Total de préstamos Signatura topográfica completa Código de barras Fecha visto por última vez Precio válido a partir de Tipo de ítem Koha
      Excluido de préstamo Monografías: Libros y Folletos General General En catalogación 26.08.2013 LF1   40493-10 25.06.2020 25.06.2020 No se presta
      Excluido de préstamo Monografías: Libros y Folletos General General En catalogación 26.08.2013 LF1   40493-20 25.06.2020 25.06.2020 No se presta
      Excluido de préstamo Monografías: Libros y Folletos General General En catalogación 26.08.2013 LF1   40493-30 25.06.2020 25.06.2020 No se presta

Con tecnología Koha